| 000 | 00707nam a22002057a 4500 | ||
|---|---|---|---|
| 003 | OSt | ||
| 005 | 20250711061511.0 | ||
| 008 | 250711b |||||||| |||| 00| 0 eng d | ||
| 020 | _a9786218035027 | ||
| 040 |
_aDWCL - Main lib _cOC |
||
| 082 | _aFil. 070.4 B933c 2016 | ||
| 100 | _aBulusan, Ferdinand | ||
| 245 |
_aCampus journalism within your reach : _ba worktext for journalist wannabees in the campus/ _cFerdinand Bulusan |
||
| 260 |
_aQuezon City : _b Lorimar Publishing, _c c2016. |
||
| 300 |
_axvi, 215 pages : _b illustrations ; _c25 cm. |
||
| 504 | _aIncludes bibliographical references. | ||
| 650 | _a1. Journalism. | ||
| 650 | _a2. School paper--Advising. | ||
| 942 |
_2ddc _cBK-0 CIRC _kFil. _n0 |
||
| 999 |
_c3621 _d3621 |
||